000 00767 a2200193 4500
003 NUST
005 20251112181212.0
040 _c0
082 _a621.382,MAQ
100 _aMaqsood , Hania NC (TCC-13)
_9131864
245 _aDesign and implementation of a wireless subscriber link /
_cNC Hania Maqsood , NC Nabeel Jawad , NC Sana Javed and PC Hasan Iftikhar
260 _aRawalpindi
_bMCS (NUST)
_c2005
300 _a105 p.;
505 _aIntroduction (Page-1), Speech Coding (Page-9), Serial Communication (Page-47), X Stream OEM RF Module (Page-61), Implementation Methodology (Page-73), Concluding Remarks (Page-82).
650 _aUG Projects
_998716
651 _aTCC-13
_9126050
700 _aSupervised by Brig Dr. Ashraf Masood
_9131865
942 _cPR
_2ddc
999 _c183119
_d183119